<?xml version="1.0" encoding="UTF-8"?>
<record
    xmlns:xsi="http://www.w3.org/2001/XMLSchema-instance"
    xsi:schemaLocation="http://www.loc.gov/MARC21/slim http://www.loc.gov/standards/marcxml/schema/MARC21slim.xsd"
    xmlns="http://www.loc.gov/MARC21/slim">

  <leader>04523nam a22003857i 4500</leader>
  <controlfield tag="001">B-12134</controlfield>
  <controlfield tag="003">CO-BoFNCP</controlfield>
  <controlfield tag="007">t|| </controlfield>
  <controlfield tag="008">090806s2009    ck     r           spa d </controlfield>
  <datafield tag="040" ind1=" " ind2=" ">
    <subfield code="a">CO-BoFNCP</subfield>
    <subfield code="b">spa</subfield>
    <subfield code="c">CO-BoFNCP</subfield>
    <subfield code="e">rda</subfield>
  </datafield>
  <datafield tag="041" ind1=" " ind2=" ">
    <subfield code="a">spa</subfield>
  </datafield>
  <datafield tag="043" ind1=" " ind2=" ">
    <subfield code="a">ck</subfield>
  </datafield>
  <datafield tag="084" ind1=" " ind2=" ">
    <subfield code="a">A-</subfield>
  </datafield>
  <datafield tag="100" ind1="1" ind2=" ">
    <subfield code="a">Garc&#xED;a N., Jes&#xFA;s A.</subfield>
    <subfield code="9">37117,</subfield>
    <subfield code="e">autor.</subfield>
    <subfield code="4">aut</subfield>
  </datafield>
  <datafield tag="245" ind1="1" ind2="0">
    <subfield code="a">Eficiencia de recuperaci&#xF3;n del aceite en funci&#xF3;n de la configuraci&#xF3;n geom&#xE9;trica y del tiempo de residencia en equipos preclarificadores.</subfield>
  </datafield>
  <datafield tag="246" ind1="2" ind2=" ">
    <subfield code="a">Oil recuperation efficiency depending on geometric configuration and of time spent In preclarifying equipment</subfield>
  </datafield>
  <datafield tag="264" ind1=" " ind2="4">
    <subfield code="c">&#xA9;2009</subfield>
  </datafield>
  <datafield tag="300" ind1=" " ind2=" ">
    <subfield code="a">p&#xE1;ginas 39-48 :</subfield>
    <subfield code="b">Tablas, gr&#xE1;ficos.</subfield>
  </datafield>
  <datafield tag="336" ind1=" " ind2=" ">
    <subfield code="a">texto</subfield>
    <subfield code="b">txt</subfield>
    <subfield code="2">rdacontent</subfield>
  </datafield>
  <datafield tag="337" ind1=" " ind2=" ">
    <subfield code="a">sin mediaci&#xF3;n</subfield>
    <subfield code="b">n</subfield>
    <subfield code="2">rdamedia</subfield>
  </datafield>
  <datafield tag="338" ind1=" " ind2=" ">
    <subfield code="a">volumen</subfield>
    <subfield code="b">nc</subfield>
    <subfield code="2">rdacarrier</subfield>
  </datafield>
  <datafield tag="500" ind1=" " ind2=" ">
    <subfield code="a">Contiene resumen en espa&#xF1;ol e ingl&#xE9;s.</subfield>
  </datafield>
  <datafield tag="504" ind1=" " ind2=" ">
    <subfield code="a">Incluye referencias bibliogr&#xE1;ficas.</subfield>
  </datafield>
  <datafield tag="520" ind1=" " ind2=" ">
    <subfield code="a">Este art&#xED;culo muestra los resultados de la eficiencia de separaci&#xF3;n del aceite crudo de palma en equipos tipo preclarificadores, mediante una separaci&#xF3;n por decantaci&#xF3;n est&#xE1;tica en dos equipos piloto con un volumen de separaci&#xF3;n de 3 m3 cada uno y con diferente &#xE1;rea transversal, operados a tiempos de residencia (tr) del licor de prensa de 17, 24, 40 y 60 minutos instalados en la planta de beneficio de Aceites Manuelita S.A. (San Carlos de Guaroa - Meta). Los resultados del estudio permiten concluir que en el intervalo de tr estudiado se logra recuperar desde el 55 hasta el 80% en aceite y se incrementa la calidad del producto final obtenido con una disminuci&#xF3;n de 0,4 puntos en &#xE1;cidos grasos libres (agl). Las diferencias encontradas al comparar los dos equipos piloto, con distinta relaci&#xF3;n geom&#xE9;trica en las dimensiones largo (L) y ancho (a), para todos los tiempos de residencia evaluados, indican que el equipo preclarificador con una relaci&#xF3;n L:a igual a 5:1 present&#xF3; diferencias significativamente superiores en la eficiencia en recuperaci&#xF3;n de aceite, para todos los tiempos de residencia evaluados. A pesar de que el tama&#xF1;o de estos equipos piloto no fue dise&#xF1;ado para la capacidad de procesamiento de la planta de Manuelita, se encontr&#xF3; en el experimento una optimizaci&#xF3;n en el proceso de beneficio del fruto al ampliarse la capacidad de la planta de 2,40 a 2,57 m3 en volumen/t rff-hora (racimos de fruta fresca por hora) y reducirse en 18% el tiempo de operaci&#xF3;n de las centr&#xED;fugas deslodadoras. Estos resultados demuestran que el uso de los preclarificadores son una alternativa para optimizar la recuperaci&#xF3;n del aceite, mejorar su calidad y disminuir los costos de operaci&#xF3;n. Adem&#xE1;s, son eficientes cuando se trata de aumentar la capacidad de la etapa de clarificaci&#xF3;n en las plantas de beneficio.</subfield>
  </datafield>
  <datafield tag="520" ind1=" " ind2=" ">
    <subfield code="a">This study, carried out in the palm oil mill of Aceites Manuelita S.A. (San Carlos de Guaroa - Meta, Colombia) shows the results of the efficiency of diluted crude palm oil separation in two pilot static clarifier tanks (named preclarifier). Each tank had the same total volume of 3 m3, but different length: wide ratio (L:w) of 5:1 and 2:1. The pre clarifiers were tested by using four residence time of the diluted crude palm oil of 17, 24, 40 and 60 minutes. The results showed that by using the pre-clarifiers was possible to recover oil from 55 to 80% and to improve the oil quality due to the decreasing of 0.4 percentages on free fatty acids. For all the residence time evaluated, the efficiency of the oil recovering was better in the pre-clarifier which had a L:w ratio of 5:1 compared with the one that had a L:w of 2:1. Instead of the fact that the two pilot pre-clarifiers were not designed for the size of the palm oil mill, it was found an increasing of the oil palm extraction capacity from 2.40 to 2.57 m3 in volume / t ffb (fresh fruit bunches) hours. There was also a reduction in operating time of 18% of the sludge separator. These results shows that the use of pre-clarifier tanks in a palm oil mill is a good alternative to optimize the oil recovering, to reduce operation costs, and to increase the oil extraction capacity.</subfield>
  </datafield>
  <datafield tag="650" ind1=" " ind2="0">
    <subfield code="a">Aceite de palma</subfield>
    <subfield code="9">29635.</subfield>
  </datafield>
  <datafield tag="650" ind1=" " ind2="0">
    <subfield code="a">Clarificaci&#xF3;n.</subfield>
    <subfield code="9">6028</subfield>
  </datafield>
  <datafield tag="650" ind1=" " ind2="0">
    <subfield code="a">Tiempo de residencia</subfield>
    <subfield code="9">36043.</subfield>
  </datafield>
  <datafield tag="650" ind1=" " ind2="0">
    <subfield code="a">Palma de aceite</subfield>
    <subfield code="9">37678.</subfield>
  </datafield>
  <datafield tag="700" ind1="1" ind2=" ">
    <subfield code="a">Nieto, Diego I.</subfield>
    <subfield code="9">41872.</subfield>
  </datafield>
  <datafield tag="700" ind1="1" ind2=" ">
    <subfield code="a">Rinc&#xF3;n M., Sandra M.</subfield>
    <subfield code="9">38787.</subfield>
  </datafield>
  <datafield tag="773" ind1="0" ind2=" ">
    <subfield code="a">Palmas (Colombia)</subfield>
    <subfield code="g">v. 30, no. 1 (2009), p.39-48</subfield>
    <subfield code="w">A-</subfield>
    <subfield code="x">0121-2923</subfield>
  </datafield>
  <datafield tag="942" ind1=" " ind2=" ">
    <subfield code="2">z</subfield>
    <subfield code="c">1</subfield>
  </datafield>
  <datafield tag="952" ind1=" " ind2=" ">
    <subfield code="0">0</subfield>
    <subfield code="1">0</subfield>
    <subfield code="2">z</subfield>
    <subfield code="4">0</subfield>
    <subfield code="7">0</subfield>
    <subfield code="a">2</subfield>
    <subfield code="b">2</subfield>
    <subfield code="d">2013-10-21</subfield>
    <subfield code="l">0</subfield>
    <subfield code="o">A-</subfield>
    <subfield code="p">R-12134</subfield>
    <subfield code="r">2013-10-21 00:00:00</subfield>
    <subfield code="t">Ej. 1</subfield>
    <subfield code="w">2013-10-21</subfield>
    <subfield code="y">1</subfield>
  </datafield>
  <datafield tag="999" ind1=" " ind2=" ">
    <subfield code="c">26551</subfield>
    <subfield code="d">26551</subfield>
  </datafield>
</record>
